Welcome to the Holygrace Academy Library

Please use search bar below to get started

NANCY DREW - TRAILS OF TREACHERY (Record no. 7841)

MARC details
000 -LEADER
fixed length control field 00595nam a22001457a 4500
020 ## - INTERNATIONAL STANDARD BOOK NUMBER
ISBN 978-1-4169-3524-7
082 ## - DEWEY DECIMAL CLASSIFICATION NUMBER
Classification number 823
Item number KEE/N
100 ## - MAIN ENTRY--AUTHOR NAME
Personal name KEENE, CAROLYN
245 ## - TITLE STATEMENT
Title NANCY DREW - TRAILS OF TREACHERY
260 ## - PUBLICATION, DISTRIBUTION, ETC. (IMPRINT)
Place of publication NEW YORK
Name of publisher ALADDIN PAPERBACKS
Year of publication 2007
300 ## - PHYSICAL DESCRIPTION
Number of Pages 136
520 ## - SUMMARY, ETC.
Summary, etc Nancy and Bess travel to Costa Rica with George as she prepares to participate in La Ruta de los Conquistadores, a 3-day mountain bike race. It soon becomes clear that someone will go to great lengths to make sure top cyclist Derek Woodhall doesn't win.
650 ## - SUBJECT ADDED ENTRY--TOPICAL TERM
Topical Term DETECTIVE
Geographic subdivision UNITED STATES
942 ## - ADDED ENTRY ELEMENTS (KOHA)
Koha item type Books
Holdings
Withdrawn status Lost status Collection code Home library Current library Shelving location Date acquired Source of acquisition Cost, normal purchase price Full call number Accession Number Koha item type
    Fiction Main Library Main Library NEW SHELF WITH NEW ENTRY 20/11/2023 purchase 250.00 823 KEE/N 13464 Books